The noble scholar, jurist, historian


 His Excellency Dr. Abdul Wahhab bin Ibrahim Abu Sulaiman, may Allah have mercy on him.


 He was born in Umm Al-Qura in the year 1356 AH.

كتاب عيون المسائل من أعيان الرسائل / (Record no. 14555)

MARC details
000 -LEADER
fixed length control field 01657cam a2200301 i 4500
003 - CONTROL NUMBER IDENTIFIER
control field SA-RiAUC
005 - DATE AND TIME OF LATEST TRANSACTION
control field 20260313121027.0
008 - FIXED-LENGTH DATA ELEMENTS--GENERAL INFORMATION
fixed length control field 260312s1897 ua g 00010 ara c
040 ## - CATALOGING SOURCE
Original cataloging agency SA-JeALM
Language of cataloging ara
Transcribing agency SA-RiAUC
Description conventions rda
082 04 - DEWEY DECIMAL CLASSIFICATION NUMBER
Classification number 081
090 ## - LOCALLY ASSIGNED LC-TYPE CALL NUMBER (OCLC); LOCAL CALL NUMBER (RLIN)
Classification number (OCLC) (R) ; Classification number, CALL (RLIN) (NR) م ن 081
Local cutter number (OCLC) ; Book number/undivided call number, CALL (RLIN) ط ب ر
100 1# - MAIN ENTRY--PERSONAL NAME
Personal name الطبري، عبد القادر بن محمد بن يحيى،
Dates associated with a name 976-1033 هجري
Relator term مؤلف.
245 15 - TITLE STATEMENT
Title كتاب عيون المسائل من أعيان الرسائل /
Statement of responsibility, etc. تأليف عبد القادر بن محمد الحسيني المكي الطبري ؛ رتبه وطبعه ونشره محمد عمر الحسامي البيروتي.
246 30 - VARYING FORM OF TITLE
Title proper/short title عيون المسائل من أعيان الرسائل
264 #1 - PRODUCTION, PUBLICATION, DISTRIBUTION, MANUFACTURE, AND COPYRIGHT NOTICE
Place of production, publication, distribution, manufacture القاهرة :
Name of producer, publisher, distributor, manufacturer محمد عمر الحسامي البيروني،
Date of production, publication, distribution, manufacture, or copyright notice [1899]
300 ## - PHYSICAL DESCRIPTION
Extent 252 صفحة ؛
Dimensions 29 سم
336 ## - CONTENT TYPE
Content type term نص
Content type code txt
Source rdacontent
Materials specified كتاب
337 ## - MEDIA TYPE
Media type term بدون وسيط
Media type code n
Source rdamedia
338 ## - CARRIER TYPE
Carrier type term مجلد
Carrier type code nc
Source rdacarrier
500 ## - GENERAL NOTE
General note و قد أضيف إليه متن النقابة للسيوطي الذي يحتوي على أربعة عشر علما وأربع رسائل في المساحة والثقل الوعي والجدل والعروض وبعض تحقيقات وشروحات.
650 #7 - SUBJECT ADDED ENTRY--TOPICAL TERM
Topical term or geographic name entry element الإنسانيات
General subdivision فلسفة
Source of heading or term aucsh
650 #7 - SUBJECT ADDED ENTRY--TOPICAL TERM
Topical term or geographic name entry element العلوم الاجتماعية
Source of heading or term aucsh
700 1# - ADDED ENTRY--PERSONAL NAME
Personal name البيروتي، محمد عمر الحسامي
Relator term مرتب.
700 12 - ADDED ENTRY--PERSONAL NAME
Personal name الجلال السيوطي، عبد الرحمن بن أبي بكر بن محمد،
Dates associated with a name 849-911 هجري
740 22 - ADDED ENTRY--UNCONTROLLED RELATED/ANALYTICAL TITLE
Uncontrolled related/analytical title النقابة.
942 ## - ADDED ENTRY ELEMENTS (KOHA)
Source of classification or shelving scheme Dewey Decimal Classification
Koha item type كتاب مصور نادر
Suppress in OPAC No
949 ## - LOCAL PROCESSING INFORMATION (OCLC)
a SA-JeALM
d 260312
u mohamedma123
n 1
Holdings
Withdrawn status Lost status Source of classification or shelving scheme Damaged status Not for loan Home library Current library Date acquired Total checkouts Full call number Barcode Date last seen Price effective from Koha item type
    Dewey Decimal Classification     DR AbdElwahab Library DR AbdElwahab Library 03/13/2026   م ن 081 ط ب ر 000023041 03/13/2026 03/13/2026 كتاب مصور نادر